Ukraine A-Z - Statistics

General Stats
  • This quiz has been taken 2,039 times
  • The average score is 18 of 26
Answer Stats
Hint Answer % Correct
K Capital city Kiev
97%
C 1986 nuclear accident site Chernobyl
96%
R Second most spoken language Russian
94%
G Country that invaded during WWII Germany
92%
I Common male name Ivan
88%
D Longest river Dnieper
84%
B Ukrainian beet soup Borscht
83%
Z Current president of Ukraine Zelensky
82%
J 1.5 mil of these people lived in Ukraine in 1926. Now it's 71,500 Jews
80%
L Biggest city in western Ukraine Lviv
80%
F Millions died from this, 1932-33 Famine
78%
M In 2014, Russian separatists shot down a plane from this airline {Malaysia} Airlines
76%
N In 1992, Ukraine gave up its massive stockpile of these Nuclear Weapons
76%
E Event Ruslana won in 2004 Eurovision
70%
Y Hosted of a WWII conference Yalta
64%
O Name of the 2004 "revolution" Orange
61%
W First names of the Klitschko brothers Wladimir
56%
A Part of Black Sea Ukraine borders Azov
54%
Q Band that held "Live in Ukraine" Queen
54%
T He was assassinated in Mexico Trotsky
51%
U Ukrainian for "Ukraine" Ukrayina
47%
X What Ivan Puluj developed X-ray
46%
P President of Ukraine, 2014-19 Poroshenko
44%
H Currency of Ukraine Hryvnia
43%
V First names of the Klitschko brothers Vitali
43%
S 2004 Ballon d'Or winner Shevchenko
36%
No matching quizzes found
Score Distribution
Percent of People with Each Score
Percentile by Number Answered
Your Score History
You have not taken this quiz